Геология ртутного рудника Идрия (Югославия) (Запись № 8313913)

Подробности
000 -МАРКЕР
контрольное поле 01237nam0a22002651 4500
001 - ИДЕНТИФИКАТОР ЗАПИСИ
контрольное поле rc\4907735
005 - ИДЕНТИФИКАТОР ВЕРСИИ
контрольное поле 20250612203124.0
035 ## - ДРУГИЕ СИСТЕМНЫЕ НОМЕРА
Идентификатор записи (NLR Aleph) 008836221
100 ## - ДАННЫЕ ОБЩЕЙ ОБРАБОТКИ
Данные общей обработки 20130426d1967 |||y0rusy50 ca
101 1# - ЯЗЫК РЕСУРСА
Язык текста, звукозаписи и т.д. русский
Язык оригинала не определено
102 ## - СТРАНА ПУБЛИКАЦИИ ИЛИ ПРОИЗВОДСТВА
Страна публикации российская федерация
105 ## - ПОЛЕ КОДИРОВАННЫХ ДАННЫХ: ТЕКСТОВЫЕ МАТЕРИАЛЫ, МОНОГРАФИЧЕСКИЕ
Кодированные данные о монографическом текстовом документе ab z |||||
200 1# - ЗАГЛАВИЕ И СВЕДЕНИЯ ОБ ОТВЕТСТВЕННОСТИ
Основное заглавие Геология ртутного рудника Идрия (Югославия)
Первые сведения об ответственности Сокр. пер. (реферат) В.П. Федорчука по работам: Boris Berce. The prohblem on structure and origin of the Hg oredeposit Idrija. Economic Geology, v 60, № 7, 1965... (и др.)
Последующие сведения об ответственности М-во геологии СССР. ОНТИ ВИЭМС
210 ## - ПУБЛИКАЦИЯ, РАСПРОСТРАНЕНИЕ И ДР.
Место издания, распространения и т.д. Москва
Имя издателя, распространителя и т. д. Б. и.
Дата издания, распространения и т.д. 1967
215 ## - ФИЗИЧЕСКАЯ ХАРАКТЕРИСТИКА
Специфическое обозначение материала и объем 30 с.
Другие сведения о физической характеристике карт., схем.
Размеры 20
225 1# - СЕРИЯ
Основное заглавие серии Обзор
Наименование части Серия: Геология месторождений полезных ископаемых; региональная геология
Обозначение тома № 4
300 ## - ОБЩИЕ ПРИМЕЧАНИЯ
Текст примечания Отпеч. множит. аппаратом
700 #1 - ИМЯ ЛИЦА - ПЕРВИЧНАЯ ОТВЕТСТВЕННОСТЬ
Начальный элемент ввода Федорчук
Часть имени, кроме начального элемента ввода В.П.
Даты 1921-
Расширение инициалов личного имени Виктор Парфентьевич
702 #1 - ИМЯ ЛИЦА - ВТОРИЧНАЯ ОТВЕТСТВЕННОСТЬ
Начальный элемент ввода Федорчук
Часть имени, кроме начального элемента ввода В.П.
Код отношения Переводчик
801 #0 - ИСТОЧНИК ЗАПИСИ
Страна российская федерация
Организация NLR
Правила каталогизации psbo
801 #1 - ИСТОЧНИК ЗАПИСИ
Страна российская федерация
Организация ELAR
Источник данных rusmarc
852 ## - МЕСТОНАХОЖДЕНИЕ И ШИФР ХРАНЕНИЯ
Идентификатор организации NLR
Шифр хранения (Call Number) П7/1087
942 ## - ДОПОЛНИТЕЛЬНЫЕ ЭЛЕМЕНТЫ ЗАПИСИ (АБИС)
Тип экземпляра АБИС Книга
980 ## - КОЛЛЕКЦИЯ
Название коллекции Национальная библиография
Экземпляры
Тип экземпляра Дата поступления Библиотека постоянного хранения Библиотека текущего хранения Место хранения Шифр хранения Штрих-код Статус не для выдачи
Книга 26.10.2013 РНБ (Московский) РНБ (Московский) Русский журнальный фонд П7/1087 8836221-10